Biblioteki Polonii Amerykańskiej
Biblioteka Instytutu Józefa Piłsudskiego w Ameryce
Library of the Józef Piłsudski Institute of America
Biblioteka imienia Alfreda Jurzykowskiego Polskiego Instytutu Naukowego w Ameryce
The Alfred Jurzykowski Memorial Library of the Polish Institute of Arts & Sciences of America
Biblioteka Marjanczyków Polskiej Fundacji Kulturalnej
The Marjanczyk Library of the Polish Cultural Foundation

Biblioteka Fundacji Kościuszkowskiej
Library of the Kosciuszko Foundation

Mad dreams, saving graces : (Record no. 51194)

MARC details
000 -LEADER
fixed length control field 00733cam a2200253 a 4500
005 - DATE AND TIME OF LATEST TRANSACTION
control field 20250217031732.0
008 - FIXED-LENGTH DATA ELEMENTS--GENERAL INFORMATION
fixed length control field 881221s1989 nyu 000 0 eng
010 ## - LIBRARY OF CONGRESS CONTROL NUMBER
LC control number 88043198
020 ## - INTERNATIONAL STANDARD BOOK NUMBER
International Standard Book Number 0394554868 :
Terms of availability $19.95
040 ## - CATALOGING SOURCE
Original cataloging agency DLC
Transcribing agency DLC
Modifying agency DLC
043 ## - GEOGRAPHIC AREA CODE
Geographic area code e-pl---
050 00 - LIBRARY OF CONGRESS CALL NUMBER
Classification number DK4442
Item number .K38 1989
082 00 - DEWEY DECIMAL CLASSIFICATION NUMBER
Classification number 943.8/05
Edition information 19
100 1# - MAIN ENTRY--PERSONAL NAME
Personal name Kaufman, Michael T.
245 10 - TITLE STATEMENT
Title Mad dreams, saving graces :
Remainder of title Poland, a nation in conspiracy /
Statement of responsibility, etc. Michael T. Kaufman.
250 ## - EDITION STATEMENT
Edition statement 1st ed.
260 ## - PUBLICATION, DISTRIBUTION, ETC.
Place of publication, distribution, etc. New York :
Name of publisher, distributor, etc. Random House,
Date of publication, distribution, etc. c1989.
300 ## - PHYSICAL DESCRIPTION
Extent xi, 270 p. ;
Dimensions 24 cm.
651 #0 - SUBJECT ADDED ENTRY--GEOGRAPHIC NAME
Geographic name Poland
General subdivision History
Chronological subdivision 1980-1989.
600 10 - SUBJECT ADDED ENTRY--PERSONAL NAME
Personal name Kaufman, Michael T.
653 ## - INDEX TERM--UNCONTROLLED
Uncontrolled term Poland -- History -- 1980-1989.
942 ## - ADDED ENTRY ELEMENTS (KOHA)
Koha item type Books
997 ## -
-- kah
Holdings
Withdrawn status Lost status Damaged status Not for loan Home library Current library Date acquired Total checkouts Full call number Date last seen Price effective from Koha item type
      Not for loan Józef Piłsudski Institute Józef Piłsudski Institute 06/25/2010   C 2720 06/25/2010 06/25/2010 Books